000 00278nam a2200121 a 4500
008 101021s1982|||| d
100 1 _aKant, Herman
245 1 0 _aPobyt
260 _bSlovenský spisovateľ
_aBratislava
_c1982
020 _c29
041 _aslo
044 _axo
_cSK
999 _c11925
_d11925